| 000 | 01430nac a2200301 a 4500 | ||
|---|---|---|---|
| 003 | CO-PeBPM | ||
| 005 | 20251202171238.0 | ||
| 008 | 251202s2018 ck a|||| |||| 00| 0 spa d | ||
| 020 | _a9788426725615 | ||
| 040 |
_aCO-PeBPM _bspa _cCO-PeBPM _erda |
||
| 041 | _aspa | ||
| 082 | 0 | 4 |
_a158.1 D542c _222 |
| 100 | 1 |
_aDíaz Chuquipiondo, Richard. _eautor |
|
| 245 | 1 | 0 |
_aCoaching con PNL _b : Desarrollando tu más grande potencial _c/ Richard Díaz Chuquipiondo |
| 250 | _aPrimera edición | ||
| 260 |
_aMadrid, España _b: Marcombo _b; Editorial Macro _c, 2018 |
||
| 300 |
_a165 páginas _bilustraciones en blanco y negro _c24 centimetros |
||
| 500 | _aIncluye índice | ||
| 504 | _aIncluye bibliografía al final del texto | ||
| 520 | _aEste libro tiene como finalidad brindar las claves de una combinación poderosa y segura, que ayude a alcanzar el crecimiento personal que las personas desean; en especial ofrece al empresario una terapia que le permita modelar su conducta y desarrollarse como ser humano. De esta manera, podrá encaminar su empresa hacia niveles superiores y altamente competitivos. | ||
| 650 | 1 | 4 |
_aCoaching personal _2LEMB |
| 650 | 1 | 4 |
_aInteligencia emociona _2LEMB |
| 650 | 1 | 4 |
_aProgramación neurolinguística _2LEMB |
| 650 | 1 | 4 |
_a Psicología aplicada _2LEMB |
| 650 | 1 | 4 |
_aTécnicas de autoayuda _2LEMB |
| 942 |
_2ddc _cBK _n0 |
||
| 999 |
_c106995 _d106995 |
||